000 nam a22 7a 4500
999 _c151352
_d151350
005 20190918163950.0
008 190918b sp ||||| |||| 00| 0 spa d
020 _a8497728815
050 0 4 _aKKT3035
_bE88 2006
245 0 0 _aEstudios sobre el dopaje en el deporte
_b: actas del seminario celebrado en la Universidad Carlos III de Madrid (Campus de Colmenarejo) durante el curso académico 2004-2005
_c/ coordinadores Agustín de Asís Roig, Isabel Hernández San Juan.
250 _a1a ed.
260 _aMadrid :
_bViceerrectorado del Campus de Colmenarejo, Universidad Carlos III de Madrid :
_bDykinson,
_c2006
300 _a266 p. :
_bil. ;
_c21 cm.
490 0 _aDerecho deportivo ;
_v8
650 7 _2lemb
_aDeporte - Legislación
_zEspaña
650 7 _aDoping en deportes
_zEspaña
700 1 _aAsís Roig, Agustín de,
_ecoordinador
700 1 _aHernández San Juan, Isabel,
942 _2lcc
_cLIB